banner-ar

ROCK BLASTING AND EXPLOSIVES ENGINEERING / (Record no. 10696)

MARC details
000 -الفاتح
حقل البيانات ثابتة الطول 00554nam a2200205Ia 4500
008 - عناصر البيانات ثابتة الطول - معلومات عامة
حقل البيانات ثابتة الطول 140319s9999 xx 000 0 eng d
040 ## - مصدر الفهرسة
وكالة الفهرسة الأصلية GCL /
وكالة النسخ GCL
082 04 - رقم تصنيف ديوى العشرى
رقم التصنيف 624.152
رقم المادة P R
100 1# - المدخل الرئيسى - إسم شخصى
الإسم الشخصى PERSSON, PER - ANDERS
245 10 - بيان العنوان
العنوان ROCK BLASTING AND EXPLOSIVES ENGINEERING /
بيان المسئوليه,etc PERSSON, PER - ANDERS
700 1# - المدخل الاضافى - اسم شخصى
الإسم الشخصى HOLMBERG, ROGER
700 1# - المدخل الاضافى - اسم شخصى
الإسم الشخصى LEE, JAIMIN
260 ## - PUBLICATION, DISTRIBUTION, ETC. (IMPRINT)
تاريخ النشر أو التوزيع 1993
300 ## - الوصف المادى
التعداد 540 P
650 04 - المدخل الاضافى بالموضوع-مصطلح موضوعى
مصطلح موضوعي ROCK BLASTING
650 04 - المدخل الاضافى بالموضوع-مصطلح موضوعى
مصطلح موضوعي ROCK EXCAVATION
650 04 - المدخل الاضافى بالموضوع-مصطلح موضوعى
مصطلح موضوعي EXPLOSIVE ENGINEERING
942 ## - عناصر المدخل الإضافي( كوها)
مصدر التصنيف او مخطط الترفيف Dewey Decimal Classification
Koha [default] item type كتاب
260 ## - PUBLICATION, DISTRIBUTION, ETC. (IMPRINT)
-- [S.N] :
-- CRC PRESS ،
Holdings
حالة التراجع حالة الفقد حالة تلف ليس للاعارة المكان المؤقت الموقع الحالى تاريخ الاكتساب اجمالي اﻻعارات رقم الطلب الباركود تاريخ اخر مشاهدة تاريخ تفعيل السعر نوع وعاء كوها
        مكتبة القاهرة الكبرى مكتبة القاهرة الكبرى 03/26/2014   624.152\P R 21525 03/26/2014 03/26/2014 كتاب

Powered By

EGPV